Statistics for African Countries by Containing Letters in 15 Seconds

Click here to take the quiz!

General Stats

  • This quiz has been taken 3,511 times
  • The average score is 17 of 25

Answer Stats

Letter% Correct
A
100%
I
97%
E
95%
N
93%
B
91%
G
91%
O
91%
R
90%
U
86%
T
86%
M
85%
L
81%
C
81%
S
80%
D
79%
H
74%
F
62%
Z
62%
P
61%
Y
45%
W
42%
K
28%
Q
25%
J
20%
V
5%

Score Distribution

Percentile by Number Answered

Percent of People with Each Score

Your Score History

You have not taken this quiz